| 000 | 00581nam a22001817a 4500 | ||
|---|---|---|---|
| 999 |
_c9385 _d9385 |
||
| 008 | 210409b ||||| |||| 00| 0 eng d | ||
| 040 | _aBMS College of Architecture | ||
| 100 | _aS, N, Neetha | ||
| 245 | _aGreen infrastructure- Network of green open spaces Lakes and heritage sites | ||
| 300 | _a62p. | ||
| 500 | _a1BM12AHD02 | ||
| 502 |
_8M.Arch _NBMS College of Architecture, Visvesvaraya Technological University _aDissertation _d2015 |
||
| 650 | _aNA | ||
| 700 |
_aMamatha P Raj _eGuide |
||
| 700 |
_aShanthesh _eGuide |
||
| 700 |
_aShanthala V _eGuide |
||
| 942 |
_2ddc _cPGTHE |
||